Travesti

Salvato in:
Dettagli Bibliografici
Autore principale: Cǎrtǎrescu, Mircea
Altri autori: Mazzoni, Bruno (a cura di)
Natura: Libro
Lingua:inglese
Pubblicazione: Roma Voland 2000
Tags: Aggiungi Tag
Nessun Tag, puoi essere il primo ad aggiungerne!!

MARC

LEADER 00000nam a2200000 4500
005 20231110115203.0
008 231110b |||||||| |||| 00| 0 eng d
020 |a 8886586647 
040 |c C 
082 |a 859.334 
100 |a Cǎrtǎrescu, Mircea 
245 |a Travesti 
260 |a Roma  |b Voland  |c 2000 
700 |a Mazzoni, Bruno  |c (a cura di) 
942 |2 ddc  |c BK  |n 0 
952 |0 0  |1 0  |2 ddc  |4 0  |6 859_334000000000000_MIR_TRA  |7 1  |9 148  |a GE  |b GE  |d 2015-11-23  |l 0  |o 859.334 MIR TRA  |p 2461  |r 2023-11-10 11:52:42  |w 2023-11-10  |y BK 
999 |c 125  |d 125